000 00755nam a2200229Ia 4500
999 _c36324
_d36324
001 2232
003 GE_BSU
005 20221021123034.0
008 181216s1983ru xx |||||||||||||| ||rus||
040 _cGE_BSU
041 _arus
080 _a159.91 К-45
100 _aКитаев-Смык,Л.А.
_915438
245 _aПсихология стреса /
_cЛ.А. Китаев-Смык, ред.В.А.Попов
264 _aМосква :
_bНаука,
_c1983.
300 _a368 с.:
_b19 см.
653 _aПсихология стреса.
653 _aფსიქოლოგია
700 _aПопов, В.А.
_eრედაქტორი
_915439
710 _aАнссср Ин-ут психологии.
_915440
942 _cBK
_2udc